Geographic Groups of Thirteen - Statistics

General Stats
  • This quiz has been taken 2,006 times
  • The average score is 62 of 78
Answer Stats
Hint Answer % Correct
Countries where Arabic is the sole official language Saudi Arabia
96%
Countries with territory on mainland South America Argentina
95%
Countries with territory on mainland South America Brazil
95%
Countries with territory on mainland South America Chile
95%
Countries with territory on mainland South America Colombia
95%
Countries with territory on mainland South America Bolivia
94%
Countries with territory on mainland South America Ecuador
94%
Countries where Arabic is the sole official language Egypt
94%
Countries where Arabic is the sole official language Oman
94%
Countries with territory on mainland South America Paraguay
94%
Countries with territory on mainland South America Peru
94%
Countries with territory on mainland South America Uruguay
94%
Countries with territory on mainland South America Venezuela
94%
Countries where Arabic is the sole official language Yemen
94%
Countries with territory on mainland South America Guyana
93%
Countries with territory on mainland South America Suriname
93%
Countries with territory in the Balkan Peninsula Croatia
92%
Countries with territory in the Balkan Peninsula Greece
92%
Countries where Arabic is the sole official language Qatar
92%
Countries with territory in the Balkan Peninsula Serbia
92%
Countries where Arabic is the sole official language United Arab Emirates
92%
Countries with territory in the Balkan Peninsula Albania
91%
Countries with territory in the Balkan Peninsula Bosnia and Herzegovina
91%
Countries with territory on mainland South America France
91%
Countries with territory in the Balkan Peninsula North Macedonia
91%
Countries with territory in the Balkan Peninsula Bulgaria
90%
Countries with territory in the Balkan Peninsula Slovenia
90%
Countries with territory in the Balkan Peninsula Kosovo
89%
Countries where Arabic is the sole official language Kuwait
89%
Countries with territory in the Balkan Peninsula Montenegro
89%
Countries where Arabic is the sole official language Bahrain
88%
Countries where Arabic is the sole official language Libya
88%
Countries with territory in the Balkan Peninsula Romania
88%
Islands with an area of over 50,000 square miles South Island
87%
Countries where Arabic is the sole official language Jordan
86%
Original US colonies New York
85%
Countries with territory in the Balkan Peninsula Turkey
84%
Islands with an area of over 50,000 square miles Great Britain
83%
Countries where Arabic is the sole official language Lebanon
83%
Islands with an area of over 50,000 square miles Greenland
82%
Islands with an area of over 50,000 square miles Madagascar
82%
Countries where Arabic is the sole official language Tunisia
81%
Original US colonies Virginia
81%
Original US colonies Massachusetts
79%
Original US colonies New Jersey
79%
Original US colonies Pennsylvania
79%
Provinces and territories of Canada Quebec
79%
Original US colonies Rhode Island
79%
Original US colonies Connecticut
78%
Original US colonies Delaware
78%
Original US colonies Georgia
77%
Original US colonies New Hampshire
77%
Original US colonies North Carolina
77%
Original US colonies Maryland
76%
Original US colonies South Carolina
76%
Provinces and territories of Canada Ontario
75%
Provinces and territories of Canada Newfoundland and Labrador
74%
Provinces and territories of Canada Alberta
73%
Countries with territory in the Balkan Peninsula Italy
72%
Provinces and territories of Canada British Columbia
71%
Islands with an area of over 50,000 square miles Borneo
68%
Islands with an area of over 50,000 square miles Java
67%
Islands with an area of over 50,000 square miles Honshu
65%
Provinces and territories of Canada Saskatchewan
64%
Provinces and territories of Canada Prince Edward Island
63%
Provinces and territories of Canada Yukon
63%
Provinces and territories of Canada Manitoba
59%
Provinces and territories of Canada Nova Scotia
58%
Provinces and territories of Canada Nunavut
57%
Islands with an area of over 50,000 square miles Sumatra
57%
Islands with an area of over 50,000 square miles New Guinea
56%
Countries where Arabic is the sole official language Mauritania
54%
Provinces and territories of Canada Northwest Territories
53%
Islands with an area of over 50,000 square miles Baffin Island
52%
Provinces and territories of Canada New Brunswick
50%
Islands with an area of over 50,000 square miles Ellesmere Island
36%
Islands with an area of over 50,000 square miles Sulawesi
36%
Islands with an area of over 50,000 square miles Victoria Island
36%
No matching quizzes found
Score Distribution
Percent of People with Each Score
Percentile by Number Answered
Your Score History
You have not taken this quiz